| 000 | 01072cam a2200301 4500 | ||
|---|---|---|---|
| 008 | 090401t1989 xxu||||| |||| 00| 0 eng d | ||
| 020 | _a0851253830 | ||
| 035 | _a(Sirsi) u21578 | ||
| 041 | _aeng | ||
| 050 | _a693.832 | ||
| 110 | _aBuilding Research Establishment | ||
| 245 | _aThermal insulation :avoiding risks:a guide to good practice building construction | ||
| 260 |
_aGarston,Watford _bBuilding Research Establishment _c1989 |
||
| 300 | _a36p. : ill. ; 30cm. | ||
| 350 | _a10 | ||
| 490 |
_aBRE Building Renewal _v143 |
||
| 520 | _aPublished jointly with HMSO to accompany new Approved Documents on thermal insulation. | ||
| 650 |
_aBUILDING REGULATIONS _96224 |
||
| 650 | _aCONDENSATION | ||
| 650 | _aDAMP | ||
| 650 | _aBUILT ENVIRONMENT-BUILDING ELEMENTS-COMPLETE BUILDING ELEMENTS-FLOORS | ||
| 650 | _aINSULATION | ||
| 650 | _aBUILT ENVIRONMENT-BUILDING ELEMENTS-COMPLETE BUILDING ELEMENTS-ROOFS | ||
| 650 | _aBUILT ENVIRONMENT-BUILDING ELEMENTS-COMPLETE BUILDING ELEMENTS-WALLS | ||
| 650 | _aWINDOWS | ||
| 942 | _n0 | ||
| 948 | _c04/03/1997 | ||
| 999 |
_c88011 _d88011 |
||